Návrh opatrení na zlepšenie systému odmeňovania zamestnancov v podniku VUJE, a.s.

Uložené v:
Podrobná bibliografia
Hlavný autor: Šulcová, Mária (Autor)
Ďalší autori: Hrablik, Martin (Vedúci práce)
Médium: Rukopis Kniha
Jazyk:Slovak
Vydavateľské údaje: 2015
Predmet:
On-line prístup:http://is.stuba.sk/zp/portal_zp.pl?podrobnosti=96486
Tagy: Pridať tag
Žiadne tagy, Buďte prvý, kto otaguje tento záznam!

MARC

LEADER 00000ntm a22000003a 4500
001 stuzp50678
003 SK-STU
005 20160719153629.4
007 ta
008 150427s2015----xo-----f-mn---000-0-slo-d
040 |a STU  |b slo 
041 0 |a slo 
100 1 |a Šulcová, Mária  |u 064000  |4 aut  |U MTF Materiálovotechnologická fakulta  |T MTF Ústav priemyselného inžinierstva a manažmentu  |X 47062  |U M4000  |Y 84  |7 47062 
242 0 1 |a Proposal of measures improving the system of remuneration in VUJE, a.s.  |y eng 
245 1 0 |a Návrh opatrení na zlepšenie systému odmeňovania zamestnancov v podniku VUJE, a.s. 
260 |c 2015 
650 4 |a riadenie ľudských zdrojov  |2 slo 
650 4 |a motivácia  |2 slo 
650 4 |a odmeňovanie  |2 slo 
650 4 |a human resources management  |2 eng 
650 4 |a remuneration  |2 eng 
650 4 |a motivation  |2 eng 
700 1 |a Hrablik, Martin  |4 ths  |X 54007  |7 A000054007 
856 4 |u http://is.stuba.sk/zp/portal_zp.pl?podrobnosti=96486 
996 |c M* BP-7305  |l MMSKP  |s P  |a 0  |w stuzp50678_0001 
SQL |a stuzp50678  |b DBP  |c SLO  |d Návrh opatrení na zlepšenie systému odmeňovania zamestnancov v podniku VUJE, a.s.  |e 47062  |f Šulcová, Mária  |g 064000  |h 54007  |i Hrablik, Martin  |j 20150624  |k 175  |l 06  |m http://is.stuba.sk/zp/portal_zp.pl?podrobnosti=96486  |n B-PMA  |o 5.2.52. priemyselné inžinierstvo